000 00372nam a22001457a 4500
999 _c27718
_d27718
008 250305b ||||| |||| 00| 0 eng d
082 0 0 _a823.91
_bA3656
100 _95832
_aAldridge, James
245 1 0 _aGold and sand /
_cJames Aldridge
250 _a1st ed.
260 _aLondon :
_bThe Bodley Head,
_c1960.
300 _a222 p.
650 0 _aEnglish fiction
942 _cBK